000 01290nam a22002657a 4500
005 20170124103105.0
010 _aA-986604
020 _c90.00
035 _aA-986604
037 _bCen Lib/Ret
040 _aDPL
_bHN
082 _a822
_bशौकत
100 _aशौकत, थानवी
_977979
245 _aआदाब अर्ज़ है :
_cथानवी शौकत ; अनुवाद नूर नकबी
_bहास्य व्यंग प्रधान एकांकी /
246 _aAdab arz hai : hasya vangya pradhan ekanki /
_bby Shukat Thanvi ; anuvadak Noor Nakabi
260 _aदिल्ली
_bजनचेतना प्रकाशन
_c1999
270 _b दिल्ली
_a६४ ए, फेज-3 पॉकेट डी.एल. आई. जी. फलेटस , दीप एन्क्लेव, अशोक विहार
_e110052
300 _a88पृ.
_c20सेमी(सजिल्द )
650 _a साहित्य--एकांकी
_x
_977980
650 _aहिंदी--कहानियां
_92082
650 _aLiterature--Comedietta
_977981
650 _aHindi--Comedietta
_977982
700 _aनूर नकबी
_92233
942 _2ddc
_cHN
_h822
_mशौकत
999 _c118019
_d118019